000 00698nam a2200205Ii 4500
003 JO-AjNU
008 230605s9999||||xx |||||||||||||| ||und||
017 _a1987/1120
040 _aJO-AjNU
_bara
_erda
_cJO-AjNU
041 _aara
050 1 4 _aHF5415.13 .D4822.1987
100 3 _aالدبوه جي، ابي سعيد,
_eauthor
_938060
245 0 0 _aادارة التسويق
264 3 1 _aالموصل:دارالكتب للطباعة والنشر؛1987
300 _a462ص
_bيحتوي على ببلوغرافية من ص437-462ص
336 _atext
_btxt
_2rdacontent
337 _aunmediated
_bn
_2rdamedia
338 _avolume
_bnc
_2rdacarrier
650 4 _aادارة التسويق
_938061
999 _aA15959
_c19527
_d19527